Subjuntivo y su traducción en la obra de G. García Márquez "Crónica de la muerte antes anunciada" bakalárska práca

Gespeichert in:
Bibliographische Detailangaben
1. Verfasser: Žáčiková, Blanka
Körperschaft: Fakulta aplikovaných jazykov EU v Bratislave. Katedra románskych a slovanských jazykov
Weitere Verfasser: Spišiaková, Mária, 1973-
Format: Buch
Sprache:Spanisch
Veröffentlicht: Bratislava 2020
Tags: Tag hinzufügen
Keine Tags, Fügen Sie das erste Tag hinzu!

MARC

LEADER 00000nbm a2200000 4500
001 0265228
005 20210331125834.2
041 0 |a spa 
044 |a SK 
245 1 0 |a Subjuntivo y su traducción en la obra de G. García Márquez "Crónica de la muerte antes anunciada"  |b bakalárska práca  |c Blanka Žáčiková ; školiteľ: Mária Spišiaková 
264 1 |a Bratislava  |c 2020 
300 |a 37 s. 
100 1 |a Žáčiková, Blanka 
700 1 |a Spišiaková, Mária, 1973- 
710 2 |a Fakulta aplikovaných jazykov EU v Bratislave. Katedra románskych a slovanských jazykov